FNaF: Night 1 Phone Call - Statistics

General Stats
  • This quiz has been taken 44 times
  • The average score is 42 of 531
Answer Stats
Answer % Correct
Hello?
100%
Hello
94%
hello?
77%
Uh,
54%
I
43%
to
34%
wanted
31%
a
29%
for
29%
message
29%
you,
29%
get
26%
help
26%
to
26%
you
26%
first
23%
in
23%
night.
23%
on
23%
record
23%
settled
23%
your
23%
I
17%
Um,
17%
actually
14%
before
14%
finishing
14%
I’m
14%
in
14%
last
14%
my
14%
office
14%
that
14%
up
14%
week
14%
worked
14%
you,
14%
a
11%
as
11%
fact.
11%
matter
11%
now
11%
of
11%
90
9%
a
9%
a
9%
a
9%
a
9%
a
9%
about,
9%
about.
9%
alike,
9%
an
9%
and
9%
and
9%
and
9%
and
9%
and
9%
animatronic
9%
at
9%
bad,
9%
be
9%
be
9%
been
9%
bit
9%
bit
9%
Blah
9%
blah
9%
blah.
9%
blame
9%
bleached,
9%
but
9%
But,
9%
but
9%
can
9%
carpets
9%
characters
9%
cleaned
9%
come
9%
company,
9%
damage
9%
damage
9%
days,
9%
death
9%
discovering
9%
do
9%
do
9%
do
9%
Entertainment
9%
fantasy
9%
Fazbear
9%
Fazbear’s
9%
filed
9%
fine.
9%
for
9%
for
9%
forced
9%
Freddy
9%
from
9%
fun
9%
get
9%
greeting
9%
grown-ups
9%
has
9%
have
9%
here
9%
here,
9%
I
9%
I
9%
I
9%
I
9%
If
9%
I’m
9%
I’m
9%
introductory
9%
is
9%
it
9%
it’s
9%
kids
9%
kind
9%
know
9%
know.
9%
know.
9%
legal
9%
life.
9%
magical
9%
might
9%
missing
9%
night,
9%
No.
9%
not
9%
nothing
9%
nothing
9%
Now
9%
occurred,
9%
of
9%
or
9%
or
9%
overwhelming,
9%
person.
9%
person
9%
Pizza,
9%
place
9%
property
9%
quirky
9%
read.
9%
really
9%
replaced.”
9%
report
9%
responsible
9%
same
9%
sing
9%
So,
9%
songs
9%
sound
9%
stupid
9%
supposed
9%
tell
9%
that
9%
that
9%
that
9%
the
9%
the
9%
the
9%
them?
9%
there’s
9%
there’s
9%
there’s
9%
thing,
9%
those
9%
to
9%
to
9%
to
9%
to
9%
to
9%
to
9%
to
9%
to
9%
Uh,
9%
Uh,
9%
Uh,
9%
Uh,
9%
Um,
9%
Upon
9%
“Welcome
9%
were
9%
where
9%
will
9%
within
9%
worry
9%
worry
9%
you
9%
you
9%
you’ll
9%
’87.
6%
a
6%
a
6%
a
6%
a
6%
a
6%
a
6%
a
6%
a
6%
a
6%
a
6%
about
6%
absolutely
6%
after
6%
again
6%
against
6%
allowed
6%
Alright,
6%
amazing
6%
and
6%
and
6%
and
6%
and
6%
animatronic
6%
any,
6%
around
6%
as
6%
as
6%
at
6%
at
6%
at
6%
bad,
6%
bath?
6%
be
6%
be
6%
be
6%
be
6%
been
6%
bit
6%
bit
6%
Bite
6%
body
6%
but
6%
can
6%
cause
6%
characters
6%
characters
6%
characters,
6%
children
6%
close
6%
conserve
6%
costume
6%
could
6%
could
6%
crossbeams,
6%
day
6%
day
6%
death.
6%
discomfort,
6%
inside
6%
don’t
6%
doors
6%
during
6%
endoskeleton
6%
eyeballs
6%
fact
6%
Fazbear
6%
Fazbear’s
6%
filled
6%
first
6%
first
6%
focus
6%
for
6%
for
6%
forcefully
6%
Freddy
6%
Freddy
6%
free
6%
front
6%
frontal
6%
get
6%
getting
6%
good
6%
got
6%
Gotta
6%
happen
6%
have
6%
having
6%
head
6%
hearts
6%
here,
6%
here
6%
hold
6%
hours
6%
how
6%
human
6%
I
6%
I’d
6%
if
6%
if
6%
if
6%
if
6%
if
6%
I’ll
6%
imagine
6%
in
6%
in
6%
inside
6%
irritable
6%
is
6%
It’s
6%
its
6%
just
6%
kind
6%
know?
6%
left
6%
let’s
6%
let’s
6%
light
6%
likely
6%
likely
6%
little
6%
live
6%
lobe,
6%
locking
6%
long?
6%
mask.
6%
metal
6%
mode
6%
necessary.
6%
need
6%
never
6%
night
6%
night,
6%
night.
6%
now
6%
Now,
6%
now,
6%
of
6%
of
6%
of
6%
of
6%
of
6%
of
6%
of
6%
of
6%
off
6%
okay?
6%
Okay.
6%
on
6%
on.
6%
one
6%
only
6%
only
6%
only
6%
or
6%
out
6%
Pizza,
6%
place
6%
pop
6%
power.
6%
premises
6%
probably
6%
probably
6%
property
6%
real
6%
remember,
6%
remember
6%
respect,
6%
right?
6%
roaming
6%
rules
6%
see,
6%
see
6%
see
6%
see
6%
servos
6%
show
6%
sign
6%
So,
6%
So,
6%
so
6%
So
6%
some
6%
something
6%
soon
6%
special
6%
stuff
6%
suit.
6%
suits
6%
teeth
6%
tell
6%
that
6%
that
6%
that
6%
that
6%
that’s
6%
the
6%
the
6%
the
6%
The
6%
the
6%
the
6%
The
6%
the
6%
the
6%
the
6%
the
6%
the
6%
the
6%
the
6%
the
6%
their
6%
them
6%
themselves
6%
then
6%
there
6%
these
6%
these
6%
these
6%
they
6%
they
6%
they
6%
they
6%
they
6%
They’ll
6%
they’ll
6%
they’re
6%
things
6%
thoroughly
6%
through
6%
to
6%
to
6%
to
6%
to
6%
to
6%
to…
6%
to
6%
tomorrow.
6%
too.
6%
too
6%
too,
6%
try
6%
turned
6%
twenty
6%
uh,
6%
Uh,
6%
Uh,
6%
uh,
6%
Uh,
6%
Uh,
6%
Um,
6%
up
6%
up.
6%
used
6%
walk
6%
was
6%
we
6%
week,
6%
weren’t
6%
when
6%
when
6%
wires,
6%
with
6%
without
6%
without
6%
would
6%
would
6%
wouldn’t
6%
Yeah.
6%
Yeah,
6%
years
6%
you
6%
you
6%
you
6%
you
6%
you
6%
you
6%
you
6%
you
6%
you
6%
you
6%
you
6%
you
6%
your
6%
your
6%
your
6%
your
6%
a
3%
and
3%
and
3%
area.
3%
around
3%
as
3%
as
3%
aware,
3%
be
3%
be
3%
bit.
3%
breeze.
3%
But
3%
cameras,
3%
chat
3%
check
3%
day
3%
devices.
3%
concerning
3%
do
3%
Especially
3%
facial
3%
first
3%
forcefully
3%
Heh.
3%
hey,
3%
just
3%
most
3%
night
3%
parts
3%
person.
3%
pressed
3%
probably
3%
recognize
3%
risk
3%
safety.
3%
should
3%
since
3%
So,
3%
tend
3%
the
3%
those
3%
those
3%
to
3%
Uh,
3%
wander
3%
watchman
3%
with
3%
won’t
3%
No matching quizzes found
Score Distribution
Percent of People with Each Score
Percentile by Number Answered
Your Score History
You have not taken this quiz